Globalizačné trendy v slovenskom hotelierstve

V hotelovom priemysle globalizácia vedie k vzniku národných a medzinárodných hotelových reťazcov. Najznámejšie svetové a slovenské hotelové reťazce v Slovenskej republike. Autorka uskutočnila výskum, ktorého cieľom bolo zistiť záujem slovenských hotelov o začlenenie do hotelových reťazcov a ich názo...

Ausführliche Beschreibung

Gespeichert in:
Bibliographische Detailangaben
1. Verfasser: Veszprémi Sirotková, Anna, 1966-
Format: Buchkapitel
Sprache:Slowakisch
Schlagworte:
Tags: Tag hinzufügen
Keine Tags, Fügen Sie das erste Tag hinzu!

MARC

LEADER 00000naa$a2200000$$$4500
001 0049173
005 20240502071551.5
041 0 |a slo 
044 |a SK 
245 1 0 |a Globalizačné trendy v slovenskom hotelierstve  |c Anna Sirotková 
520 |a V hotelovom priemysle globalizácia vedie k vzniku národných a medzinárodných hotelových reťazcov. Najznámejšie svetové a slovenské hotelové reťazce v Slovenskej republike. Autorka uskutočnila výskum, ktorého cieľom bolo zistiť záujem slovenských hotelov o začlenenie do hotelových reťazcov a ich názory na klady a zápory začlenenia hotelov do hotelových reťazcov. 
610 2 0 |a hotelierstvo 
610 2 0 |a hotely 
610 2 0 |a globalizácia 
610 2 0 |a Slovensko 
610 2 0 |a výskum 
100 1 |a Veszprémi Sirotková, Anna, 1966-